Sitcom Living Rooms Quiz Stats

 Plays Quiz Updated Sep 21, 2018

Also try: Howdy, Neighbor!
Challenge
Share
Tweet
Score 0/16 Timer 07:00
10 Plays Today
Column Show % Correct
The Simpsons
95.9%
Friends
89.6%
Seinfeld
71.4%
The Brady Bunch
69%
Frasier
66.1%
Married...With Children
60.1%
Full House
54.2%
The Golden Girls
53.7%
Column Show % Correct
The Cosby Show
52.5%
All in the Family
51.8%
The Big Bang Theory
45.6%
Everybody Loves Raymond
39.1%
Three's Company
38.5%
Two and a Half Men
36.5%
Modern Family
34.2%
The King of Queens
19.7%

You're not logged in!

Compare scores with friends on all Sporcle quizzes.
OR
Log In

You Might Also Like...

Show Comments

Extras

Top Quizzes Today


Score Distribution

Your Account Isn't Verified!

In order to create a playlist on Sporcle, you need to verify the email address you used during registration. Go to your Sporcle Settings to finish the process.

Report this User

Report this user for behavior that violates our Community Guidelines.

Details: